000 01687nam a2200373 i 4500
003 DO-SdBNP
005 20240715092554.0
007 ta
008 110413s1999 dr ao 000 0 spa d
040 _aDO-SdBNP
_bspa
_cBNPHU
_erda
082 _axxx
_bxxxx
_222
245 0 0 _aAgenda para el desarrollo de Sabana Perdida:
_belaborada mediante un proceso de formación, diagnostico y concertaciòn entre organizaciones de la comunidad /
_cfacilitadores José Mieses Michel, Jorge Cela, Ricardo González Camacho, Xiomara García, Octavio Figueroa y otros
264 1 _aSanto Domingo :
_bACOPRO,
_bPID,
_bPUCMM
_bUSAID
_c1999.
300 _a56 páginas
_bilustraciones, fotografías
_c21 cm.
336 _2rdacontent
_atexto
_btxt
337 _2rdamedia
_asin mediación
_bn
338 _2rdacarrier
_avolumen
_bnc
590 _aInventariado, 2023/ YL
700 1 _aSilié, Rubén,
_d1946-
_efacilitador
_91421
700 1 _aCela, Jorge
_efacilitador
_97887
700 1 _aGonzález Camacho, Ricardo
_efacilitador
_946035
700 1 _aGarcía, Xiomara
_efacilitador
_983941
700 1 _aFigueroa, Octavio
_efacilitador
_955341
700 1 _aAbréu, Fabio
_efacilitador
_9649
700 1 _aHernández, Pedro
_efacilitador
_92670
700 1 _aRamírez, Manuel
_efacilitador
_983942
700 1 _aVanhecke, Bernardo
_efacilitador
_965046
710 1 _aOrganización de servicios sociales en República Dominicana (ACOPRO)
_983943
710 1 _aProyectos Ingeniería y Desarrollo (PID)
_983944
710 1 _aPontificia Universidad Católica Madre y Maestra (PUCMM)
_983945
710 _aEstados Unidos .
_b Agency for International Development
_983946
910 _aYLockward
942 _2ddc
_cLBS1
999 _c54393
_d54393